|
|
|
|
| LEADER |
00000nam0a2200000 4500 |
| 001 |
369610 |
| 005 |
20231102012211.0 |
| 035 |
|
|
|a (RuTPU)RU\TPU\retro\26996
|
| 090 |
|
|
|a 369610
|
| 100 |
|
|
|a 20220526d1980 km y0rusy50 ca
|
| 101 |
0 |
|
|a rus
|
| 102 |
|
|
|a RU
|
| 105 |
|
|
|a a z 001zy
|
| 200 |
1 |
|
|a Инженерные проблемы строительной механики
|e межвузовский сборник научных трудов
|f Московский инженерно-строительный институт ;отв. ред. Б. Е. Кочетков
|
| 210 |
|
|
|a Москва
|c Изд-во МИСИ
|d 1980
|
| 215 |
|
|
|a 168 с.
|c ил.
|
| 320 |
|
|
|a Библиогр.: с. 167-168
|
| 606 |
1 |
|
|a Строительная механика
|2 stltpush
|3 (RuTPU)RU\TPU\subj\57240
|9 75102
|
| 610 |
1 |
|
|a инженерные проблемы
|
| 610 |
1 |
|
|a статика
|
| 610 |
1 |
|
|a динамика
|
| 610 |
1 |
|
|a оболочки
|
| 610 |
1 |
|
|a стержни
|
| 610 |
1 |
|
|a теория упругости
|
| 610 |
1 |
|
|a деформируемые тела
|
| 675 |
|
|
|a 624.04
|v 4
|
| 702 |
|
1 |
|a Кочетков
|b Б. Е.
|4 340
|
| 712 |
0 |
2 |
|a Московский инженерно-строительный институт
|c (1921-1993)
|2 stltpush
|3 (RuTPU)RU\TPU\col\7908
|9 24412
|
| 801 |
|
1 |
|a RU
|b 63413507
|c 20220526
|
| 942 |
|
|
|c BK
|